WWI Battles- Sudden Death - Statistics

General Stats
  • This quiz has been taken 44 times
    14 since last reset
  • The average score is 7 of 9
Answers on the Grid
Answers color-coded by a green-red scale on the quiz's grid according to % correct below.
Verdun
Smolensk
Tannenberg
Kharkov
Ypres
Gallipoli
Amiens
Isonzo
Belleau Wood
Passchaendale
Brusilov offensive
Operation Bagration
Rzhev
Sevastopol
Remagen
Borodino
Stalingrad
Operation Husky
Austerlitz
Shiloh
El Alamein
Cold Harbor
Anzio
Agincourt
Grosselburg
Moscow
Crete
 
Answer Stats
Answer % Correct
Verdun
100%
Ypres
90%
Amiens
80%
Brusilov offensive
80%
Passchaendale
80%
Tannenberg
80%
Isonzo
70%
Gallipoli
60%
Belleau Wood
50%
No matching quizzes found
Score Distribution
Percent of People with Each Score
Percentile by Number Answered
Your Score History
You have not taken this quiz since the last reset